| 000 | 00380nam a2200145Ia 4500 | ||
|---|---|---|---|
| 008 | 230718s9999 xx 000 0 und d | ||
| 041 | _aeng | ||
| 082 |
_a620.112 _bRAT |
||
| 100 |
_aRattan S.S. _9162845 |
||
| 245 | _aStrength Of Materials | ||
| 260 | _bTata Mc-graw Hill Pub. | ||
| 365 |
_cRs. _b275.00 |
||
| 700 |
_aRattan S.S. _9162845 |
||
| 906 |
_dB:467603-Jun-2008 _cMECH _b55 |
||
| 999 |
_c318858 _d318858 |
||